000 00860nam a22002777a 4500
001 00321
003 DO-SdBNP
005 20180220132250.0
007 00321
008 160411b 1993 sp ||||| |||| 00| 0 spa d
020 _a8434830973
040 _aBPMSU
_bspa
_cBPSMU
100 _aTerlouw, Jan,
_b1931-
245 _aLa carta en clave /
_cJan Terlouw ; traducción Guillermo Solana ; ilustraciones Enrique Flores.
250 _35a. ed
260 _aMadrid :
_bEdiciones SM,
_c1993
300 _a141 p. :
_b il. ;
_c 19 cm.
490 _aEl barco de vapor.
_aSerie roja ;
_v60
500 _aA partir de 7 años
700 _aSolana, Guillermo,
_etr.
700 _aFlores, Enrique,
_eil.
830 _aEl barco de vapor.
_p Serie roja ;
_v 60
942 _2ddc
_cBK
945 _aInventariado, 2018 / BT
956 _2VMATEO
_310
_620160411
_8BPMSU
_a0069
999 _c9679
_d9679